00719nam a2200217 a 450000100060000000300080000600500170001400800410003103500190007204000320009104100080012308200280013124501480015926000270030730000200033450000470035465000270040165000410042871000200046971000120048950232BD-RjUL20211209075458.0160824s1961 fr i000 0 eng  a(BD-RjUL)50352 aDLCcZHMdm.cdBD-RjULbeng aeng 223a361.00711bCON 196104aThe contribution of social sciences in social work training :breport of a United Nations - UNESCO meeting of experts, Paris, 4-13 July 1960 /  aParis :bUNESCO,c1961 a90 p. ;c21 cm. aConvened by the United Nations and UNESCO. 0aSocial work education. 0aSocial sciencesxStudy and teaching.2 aUnited Nations.2 aUnesco.